[Event "English Schools Championship Final 2024"]
[Site "Nottingham University Kings Meadow Campus, United Kingdom"]
[Date "2024.06.27"]
[Round "3.45"]
[White "Arlachova, Alexandra"]
[Black "Kent, Rowan"]
[Result "0-1"]
[TimeControl "G50' + 10\" per move."]
[WhiteFideId "473910"]
[BlackFideId "460931"]
[WhiteElo "1703"]
[BlackElo "1713"]

1. c4 {[%clk 00:50:17]} {[%emt 00:00:03]} e5 {[%clk 00:50:17]} {[%emt
00:00:03]} 2. g3 {[%clk 00:50:22]} {[%emt 00:00:05]} Nf6 {[%clk 00:50:14]}
{[%emt 00:00:13]} 3. Nc3 {[%clk 00:50:04]} {[%emt 00:00:28]} c6 {[%clk
00:49:50]} {[%emt 00:00:34]} 4. e4 {[%clk 00:49:48]} {[%emt 00:00:26]} Bc5
{[%clk 00:48:54]} {[%emt 00:01:07]} 5. Bg2 {[%clk 00:49:34]} {[%emt 00:00:23]}
d6 {[%clk 00:48:33]} {[%emt 00:00:31]} 6. Nge2 {[%clk 00:49:14]} {[%emt
00:00:31]} Be6 {[%clk 00:48:16]} {[%emt 00:00:27]} 7. d3 {[%clk 00:49:12]}
{[%emt 00:00:12]} Ng4 {[%clk 00:45:18]} {[%emt 00:03:08]} 8. O-O {[%clk
00:48:36]} {[%emt 00:00:46]} Qf6 {[%clk 00:45:16]} {[%emt 00:00:12]} 9. Qe1
{[%clk 00:47:55]} {[%emt 00:00:50]} h5 {[%clk 00:42:31]} {[%emt 00:02:55]} 10.
Na4 {[%clk 00:47:41]} {[%emt 00:00:24]} Na6 {[%clk 00:36:24]} {[%emt 00:06:17]}
11. Nxc5 {[%clk 00:46:59]} {[%emt 00:00:52]} Nxc5 {[%clk 00:36:18]} {[%emt
00:00:16]} 12. Qd2 {[%clk 00:46:46]} {[%emt 00:00:22]} h4 {[%clk 00:32:36]}
{[%emt 00:03:52]} 13. h3 {[%clk 00:45:40]} {[%emt 00:01:16]} Nh6 {[%clk
00:30:09]} {[%emt 00:02:38]} 14. b3 {[%clk 00:44:10]} {[%emt 00:01:40]} Qg6
{[%clk 00:24:59]} {[%emt 00:05:19]} 15. Ba3 {[%clk 00:43:45]} {[%emt 00:00:35]}
hxg3 {[%clk 00:22:47]} {[%emt 00:02:21]} 16. fxg3 {[%clk 00:43:35]} {[%emt
00:00:20]} Ng8 {[%clk 00:22:04]} {[%emt 00:00:53]} 17. h4 {[%clk 00:43:07]}
{[%emt 00:00:38]} Nf6 {[%clk 00:20:10]} {[%emt 00:02:04]} 18. Bxc5 {[%clk
00:43:01]} {[%emt 00:00:16]} dxc5 {[%clk 00:20:15]} {[%emt 00:00:06]} 19. Qg5
{[%clk 00:42:47]} {[%emt 00:00:23]} Qxg5 {[%clk 00:19:43]} {[%emt 00:00:42]} 20.
hxg5 {[%clk 00:42:51]} {[%emt 00:00:06]} Nh7 {[%clk 00:18:05]} {[%emt
00:01:48]} 21. Kf2 {[%clk 00:42:10]} {[%emt 00:00:51]} Nxg5 {[%clk 00:17:42]}
{[%emt 00:00:34]} 22. Rh1 {[%clk 00:42:13]} {[%emt 00:00:06]} O-O-O {[%clk
00:17:16]} {[%emt 00:00:36]} 23. Rxh8 {[%clk 00:41:52]} {[%emt 00:00:31]} Rxh8
{[%clk 00:17:21]} {[%emt 00:00:05]} 24. Rh1 {[%clk 00:41:41]} {[%emt 00:00:22]}
Rxh1 {[%clk 00:16:02]} {[%emt 00:01:29]} 25. Bxh1 {[%clk 00:41:46]} {[%emt
00:00:05]} Bg4 {[%clk 00:15:03]} {[%emt 00:01:09]} 26. Nc1 {[%clk 00:41:48]}
{[%emt 00:00:07]} Kc7 {[%clk 00:13:27]} {[%emt 00:01:46]} 27. Bg2 {[%clk
00:41:30]} {[%emt 00:00:28]} Kb6 {[%clk 00:12:57]} {[%emt 00:00:41]} 28. a3
{[%clk 00:41:26]} {[%emt 00:00:13]} a5 {[%clk 00:12:01]} {[%emt 00:01:07]} 29.
a4 {[%clk 00:35:35]} {[%emt 00:06:01]} Kc7 {[%clk 00:10:20]} {[%emt 00:01:51]}
30. Ke1 {[%clk 00:35:19]} {[%emt 00:00:25]} Ne6 {[%clk 00:09:41]} {[%emt
00:00:50]} 31. Kd2 {[%clk 00:34:52]} {[%emt 00:00:37]} Nd4 {[%clk 00:09:32]}
{[%emt 00:00:19]} 32. Bh1 {[%clk 00:34:33]} {[%emt 00:00:28]} Kd7 {[%clk
00:09:22]} {[%emt 00:00:20]} 33. Bg2 {[%clk 00:34:08]} {[%emt 00:00:35]} Ke6
{[%clk 00:09:08]} {[%emt 00:00:24]} 34. Bh1 {[%clk 00:33:44]} {[%emt 00:00:34]}
Kf6 {[%clk 00:09:04]} {[%emt 00:00:14]} 35. Bg2 {[%clk 00:33:11]} {[%emt
00:00:43]} Kg5 {[%clk 00:09:06]} {[%emt 00:00:08]} 36. Bh1 {[%clk 00:32:41]}
{[%emt 00:00:39]} Bh5 {[%clk 00:08:51]} {[%emt 00:00:25]} 37. Bg2 {[%clk
00:31:28]} {[%emt 00:01:23]} Kg4 {[%clk 00:08:44]} {[%emt 00:00:16]} 38. Kc3
{[%clk 00:29:14]} {[%emt 00:02:25]} Kxg3 {[%clk 00:07:50]} {[%emt 00:01:05]} 39.
Bf1 {[%clk 00:29:18]} {[%emt 00:00:06]} Bg4 {[%clk 00:07:26]} {[%emt 00:00:33]}
40. Kd2 {[%clk 00:28:38]} {[%emt 00:00:51]} Kf2 {[%clk 00:07:27]} {[%emt
00:00:08]} 0-1

[Event "English Schools Championship Final 2024"]
[Site "Nottingham University Kings Meadow Campus, United Kingdom"]
[Date "2024.06.27"]
[Round "3.46"]
[White "Korchagina, Polina"]
[Black "Stapleton, Dean"]
[Result "1-0"]
[TimeControl "G50' + 10\" per move."]
[WhiteFideId "14174537"]
[WhiteElo "1732"]
[BlackElo "1625"]

1. e4 {[%clk 00:50:19]} e6 {[%clk 00:50:09]} {[%emt 00:00:03]} 2. d4 {[%clk
00:50:15]} {[%emt 00:00:22]} d5 {[%clk 00:50:11]} {[%emt 00:00:08]} 3. exd5
{[%clk 00:50:01]} {[%emt 00:00:24]} exd5 {[%clk 00:50:02]} {[%emt 00:00:20]} 4.
Bd3 {[%clk 00:50:06]} {[%emt 00:00:04]} Bd6 {[%clk 00:49:38]} {[%emt 00:00:34]}
5. h3 {[%clk 00:48:30]} {[%emt 00:01:45]} Nc6 {[%clk 00:49:23]} {[%emt
00:00:25]} 6. c3 {[%clk 00:48:33]} {[%emt 00:00:07]} Nge7 {[%clk 00:48:36]}
{[%emt 00:00:57]} 7. Ne2 {[%clk 00:45:43]} {[%emt 00:03:00]} Be6 {[%clk
00:47:48]} {[%emt 00:00:58]} 8. Nf4 {[%clk 00:45:25]} {[%emt 00:00:28]} Qd7
{[%clk 00:45:59]} {[%emt 00:01:59]} 9. O-O {[%clk 00:44:34]} {[%emt 00:01:01]}
O-O-O {[%clk 00:41:56]} {[%emt 00:04:13]} 10. Nxe6 {[%clk 00:44:16]} {[%emt
00:00:27]} fxe6 {[%clk 00:40:08]} {[%emt 00:01:59]} 11. Bg5 {[%clk 00:43:20]}
{[%emt 00:01:06]} h6 {[%clk 00:38:48]} {[%emt 00:01:30]} 12. Bxe7 {[%clk
00:40:42]} {[%emt 00:02:48]} Qxe7 {[%clk 00:36:51]} {[%emt 00:02:08]} 13. Nd2
{[%clk 00:40:19]} {[%emt 00:00:32]} Rhf8 {[%clk 00:35:50]} {[%emt 00:01:11]} 14.
Nf3 {[%clk 00:37:42]} {[%emt 00:02:47]} Qf6 {[%clk 00:33:43]} {[%emt 00:02:17]}
15. Qe2 {[%clk 00:34:52]} {[%emt 00:02:59]} Qf4 {[%clk 00:31:07]} {[%emt
00:02:46]} 16. Qxe6+ {[%clk 00:32:49]} {[%emt 00:02:14]} Kb8 {[%clk 00:29:50]}
{[%emt 00:01:27]} 17. Qg4 {[%clk 00:32:38]} {[%emt 00:00:21]} Qf6 {[%clk
00:28:29]} {[%emt 00:01:32]} 18. Rae1 {[%clk 00:31:07]} {[%emt 00:01:39]} g5
{[%clk 00:24:16]} {[%emt 00:04:24]} 19. Re6 {[%clk 00:29:32]} {[%emt 00:01:44]}
Qh8 {[%clk 00:22:43]} {[%emt 00:01:43]} 20. Qh5 {[%clk 00:27:08]} {[%emt
00:02:34]} Rf6 {[%clk 00:21:42]} {[%emt 00:01:12]} 21. Rxf6 {[%clk 00:26:55]}
{[%emt 00:00:23]} Qxf6 {[%clk 00:21:19]} {[%emt 00:00:32]} 22. Qg6 {[%clk
00:26:46]} {[%emt 00:00:18]} Qh8 {[%clk 00:20:18]} {[%emt 00:01:12]} 23. Re1
{[%clk 00:26:48]} {[%emt 00:00:08]} Ne7 {[%clk 00:18:46]} {[%emt 00:01:43]} 24.
Qe6 {[%clk 00:25:57]} {[%emt 00:00:59]} Rf8 {[%clk 00:17:10]} {[%emt 00:01:48]}
25. Ne5 {[%clk 00:24:48]} {[%emt 00:01:18]} Re8 {[%clk 00:13:03]} {[%emt
00:04:18]} 26. Nf7 {[%clk 00:23:50]} {[%emt 00:01:08]} Qf8 {[%clk 00:11:32]}
{[%emt 00:01:41]} 27. Nxd6 {[%clk 00:23:47]} {[%emt 00:00:13]} cxd6 {[%clk
00:10:50]} {[%emt 00:00:52]} 28. Qxd6+ {[%clk 00:23:52]} {[%emt 00:00:06]} Ka8
{[%clk 00:09:03]} {[%emt 00:03:04]} 29. Bb5 {[%clk 00:25:40]} {[%emt 00:03:12]}
1-0

[Event "English Schools Championship Final 2024"]
[Site "Nottingham University Kings Meadow Campus, United Kingdom"]
[Date "2024.06.27"]
[Round "3.47"]
[White "Bowden, James"]
[Black "Hartshorn, Harry"]
[Result "0-1"]
[TimeControl "G50' + 10\" per move."]
[BlackFideId "343404219"]
[WhiteElo "1642"]
[BlackElo "1442"]

1. e4 {[%clk 00:50:17]} {[%emt 00:00:02]} c5 {[%clk 00:50:16]} {[%emt
00:00:04]} 2. Nf3 {[%clk 00:50:23]} {[%emt 00:00:04]} Nc6 {[%clk 00:50:15]}
{[%emt 00:00:12]} 3. d4 {[%clk 00:50:18]} {[%emt 00:00:15]} cxd4 {[%clk
00:50:16]} {[%emt 00:00:09]} 4. Nxd4 {[%clk 00:50:24]} {[%emt 00:00:03]} Nf6
{[%clk 00:50:20]} {[%emt 00:00:07]} 5. Nc3 {[%clk 00:50:26]} {[%emt 00:00:08]}
d6 {[%clk 00:50:14]} {[%emt 00:00:15]} 6. Bb5 {[%clk 00:49:50]} {[%emt
00:00:46]} Bd7 {[%clk 00:50:09]} {[%emt 00:00:15]} 7. O-O {[%clk 00:48:56]}
{[%emt 00:01:05]} g6 {[%clk 00:50:05]} {[%emt 00:00:12]} 8. Re1 {[%clk
00:46:35]} {[%emt 00:02:30]} Bg7 {[%clk 00:49:39]} {[%emt 00:00:36]} 9. Nf3
{[%clk 00:44:08]} {[%emt 00:02:38]} O-O {[%clk 00:48:29]} {[%emt 00:01:20]} 10.
Bf4 {[%clk 00:43:40]} {[%emt 00:00:38]} Nh5 {[%clk 00:45:41]} {[%emt 00:02:59]}
11. Bd2 {[%clk 00:40:54]} {[%emt 00:02:56]} Rc8 {[%clk 00:42:25]} {[%emt
00:03:25]} 12. Be2 {[%clk 00:39:51]} {[%emt 00:01:13]} Nf6 {[%clk 00:40:34]}
{[%emt 00:02:01]} 13. Bf4 {[%clk 00:38:11]} {[%emt 00:01:50]} a6 {[%clk
00:38:34]} {[%emt 00:02:11]} 14. e5 {[%clk 00:33:53]} {[%emt 00:04:28]} dxe5
{[%clk 00:38:22]} {[%emt 00:00:21]} 15. Bxe5 {[%clk 00:32:27]} {[%emt
00:01:36]} Nxe5 {[%clk 00:37:21]} {[%emt 00:01:12]} 16. Nxe5 {[%clk 00:32:26]}
{[%emt 00:00:09]} Be6 {[%clk 00:35:54]} {[%emt 00:01:38]} 17. Bf3 {[%clk
00:30:56]} {[%emt 00:01:41]} Rc7 {[%clk 00:33:42]} {[%emt 00:02:22]} 18. Qxd8
{[%clk 00:29:10]} {[%emt 00:01:55]} Rxd8 {[%clk 00:33:45]} {[%emt 00:00:07]} 19.
Rad1 {[%clk 00:28:26]} {[%emt 00:00:54]} Rdc8 {[%clk 00:31:10]} {[%emt
00:02:46]} 20. Rd4 {[%clk 00:25:39]} {[%emt 00:02:56]} Nd7 {[%clk 00:28:15]}
{[%emt 00:03:04]} 21. Nd5 {[%clk 00:18:32]} {[%emt 00:07:18]} Bxe5 {[%clk
00:23:47]} {[%emt 00:04:38]} 22. Rd3 {[%clk 00:16:39]} {[%emt 00:02:00]} Bxd5
{[%clk 00:23:15]} {[%emt 00:00:45]} 23. Bxd5 {[%clk 00:16:20]} {[%emt
00:00:28]} Bd6 {[%clk 00:20:46]} {[%emt 00:02:40]} 24. c3 {[%clk 00:15:55]}
{[%emt 00:00:36]} Nf6 {[%clk 00:19:33]} {[%emt 00:01:23]} 25. Bb3 {[%clk
00:14:20]} {[%emt 00:01:45]} b5 {[%clk 00:19:14]} {[%emt 00:00:29]} 26. h3
{[%clk 00:13:42]} {[%emt 00:00:49]} a5 {[%clk 00:18:25]} {[%emt 00:00:59]} 27.
Ree3 {[%clk 00:12:40]} {[%emt 00:01:11]} b4 {[%clk 00:18:04]} {[%emt 00:00:31]}
28. Rf3 {[%clk 00:11:33]} {[%emt 00:01:17]} bxc3 {[%clk 00:16:16]} {[%emt
00:01:58]} 29. bxc3 {[%clk 00:11:31]} {[%emt 00:00:12]} Be5 {[%clk 00:13:44]}
{[%emt 00:02:43]} 30. c4 {[%clk 00:11:12]} {[%emt 00:00:30]} a4 {[%clk
00:13:40]} {[%emt 00:00:13]} 31. Bxa4 {[%clk 00:09:49]} {[%emt 00:01:31]} Rxc4
{[%clk 00:13:39]} {[%emt 00:00:12]} 32. Rfe3 {[%clk 00:08:22]} {[%emt
00:01:38]} Bf4 {[%clk 00:12:28]} {[%emt 00:01:21]} 0-1

[Event "English Schools Championship Final 2024"]
[Site "Nottingham University Kings Meadow Campus, United Kingdom"]
[Date "2024.06.27"]
[Round "3.49"]
[White "Fung, Marcus"]
[Black "Vaddhireddy, Sai"]
[Result "0-1"]
[TimeControl "G50' + 10\" per move."]
[WhiteFideId "343413269"]
[BlackFideId "499560"]
[WhiteElo "1739"]
[BlackElo "1896"]

1. e4 {[%clk 00:50:17]} {[%emt 00:00:03]} c6 {[%clk 00:50:18]} {[%emt
00:00:03]} 2. Nf3 {[%clk 00:50:18]} {[%emt 00:00:08]} d5 {[%clk 00:50:25]}
{[%emt 00:00:04]} 3. exd5 {[%clk 00:50:17]} {[%emt 00:00:11]} cxd5 {[%clk
00:50:32]} {[%emt 00:00:03]} 4. Ne5 {[%clk 00:50:18]} {[%emt 00:00:09]} Nc6
{[%clk 00:50:38]} {[%emt 00:00:04]} 5. Bb5 {[%clk 00:50:11]} {[%emt 00:00:17]}
Bd7 {[%clk 00:50:43]} {[%emt 00:00:04]} 6. Nxd7 {[%clk 00:50:11]} {[%emt
00:00:12]} Qxd7 {[%clk 00:50:48]} {[%emt 00:00:04]} 7. d4 {[%clk 00:50:13]}
{[%emt 00:00:07]} a6 {[%clk 00:50:51]} {[%emt 00:00:08]} 8. Be2 {[%clk
00:50:13]} {[%emt 00:00:10]} Nf6 {[%clk 00:50:56]} {[%emt 00:00:05]} 9. c3
{[%clk 00:50:06]} {[%emt 00:00:17]} e6 {[%clk 00:50:19]} {[%emt 00:00:47]} 10.
Bg5 {[%clk 00:50:01]} {[%emt 00:00:14]} Ne4 {[%clk 00:50:23]} {[%emt 00:00:07]}
11. Bh4 {[%clk 00:49:37]} {[%emt 00:00:33]} Be7 {[%clk 00:49:56]} {[%emt
00:00:38]} 12. Bxe7 {[%clk 00:49:16]} {[%emt 00:00:31]} Qxe7 {[%clk 00:49:59]}
{[%emt 00:00:06]} 13. Nd2 {[%clk 00:49:08]} {[%emt 00:00:19]} f5 {[%clk
00:46:36]} {[%emt 00:03:34]} 14. Nxe4 {[%clk 00:47:02]} {[%emt 00:02:15]} fxe4
{[%clk 00:46:37]} {[%emt 00:00:09]} 15. c4 {[%clk 00:46:49]} {[%emt 00:00:24]}
dxc4 {[%clk 00:46:25]} {[%emt 00:00:22]} 16. O-O {[%clk 00:46:27]} {[%emt
00:00:31]} Rd8 {[%clk 00:45:25]} {[%emt 00:01:10]} 17. Qa4 {[%clk 00:43:29]}
{[%emt 00:03:07]} O-O {[%clk 00:44:35]} {[%emt 00:01:01]} 18. Rad1 {[%clk
00:42:37]} {[%emt 00:00:59]} Nxd4 {[%clk 00:41:12]} {[%emt 00:03:35]} 19. Qxc4
{[%clk 00:41:36]} {[%emt 00:01:13]} b5 {[%clk 00:41:05]} {[%emt 00:00:16]} 20.
Qxd4 {[%clk 00:37:25]} {[%emt 00:04:21]} Rxd4 {[%clk 00:41:09]} {[%emt
00:00:05]} 21. Rxd4 {[%clk 00:37:20]} {[%emt 00:00:15]} Qf6 {[%clk 00:40:24]}
{[%emt 00:00:56]} 22. Rxe4 {[%clk 00:36:18]} {[%emt 00:01:12]} Qxb2 {[%clk
00:40:29]} {[%emt 00:00:05]} 23. Bg4 {[%clk 00:36:03]} {[%emt 00:00:23]} g6
{[%clk 00:39:13]} {[%emt 00:01:27]} 24. Re2 {[%clk 00:33:34]} {[%emt 00:02:37]}
Qb4 {[%clk 00:39:03]} {[%emt 00:00:22]} 25. Bxe6+ {[%clk 00:33:16]} {[%emt
00:00:28]} Kg7 {[%clk 00:38:44]} {[%emt 00:00:31]} 26. Rd1 {[%clk 00:32:28]}
{[%emt 00:00:57]} Rd8 {[%clk 00:37:47]} {[%emt 00:01:06]} 27. Rde1 {[%clk
00:31:34]} {[%emt 00:01:05]} Rd2 {[%clk 00:37:49]} {[%emt 00:00:08]} 28. Re4
{[%clk 00:30:46]} {[%emt 00:00:57]} Rd4 {[%clk 00:36:56]} {[%emt 00:01:04]} 29.
R4e2 {[%clk 00:30:26]} {[%emt 00:00:30]} Rd2 {[%clk 00:36:36]} {[%emt
00:00:29]} 30. Re4 {[%clk 00:29:59]} {[%emt 00:00:37]} Qxe4 {[%clk 00:36:36]}
{[%emt 00:00:11]} 0-1

[Event "English Schools Championship Final 2024"]
[Site "Nottingham University Kings Meadow Campus, United Kingdom"]
[Date "2024.06.27"]
[Round "3.50"]
[White "De Silva, Sithun"]
[Black "McGuigan-Lazo, Leon"]
[Result "1-0"]
[TimeControl "G50' + 10\" per move."]
[WhiteFideId "343419925"]
[WhiteElo "1776"]
[BlackElo "1712"]

1. e4 {[%clk 00:50:19]} c5 {[%clk 00:50:18]} {[%emt 00:00:02]} 2. Nf3 {[%clk
00:50:25]} {[%emt 00:00:05]} d6 {[%clk 00:50:16]} {[%emt 00:00:11]} 3. d4
{[%clk 00:50:28]} {[%emt 00:00:06]} cxd4 {[%clk 00:50:12]} {[%emt 00:00:15]} 4.
Nxd4 {[%clk 00:50:36]} {[%emt 00:00:02]} Nf6 {[%clk 00:50:11]} {[%emt
00:00:11]} 5. Nc3 {[%clk 00:50:34]} {[%emt 00:00:13]} Bd7 {[%clk 00:49:10]}
{[%emt 00:01:11]} 6. Be2 {[%clk 00:47:32]} {[%emt 00:03:12]} g6 {[%clk
00:48:43]} {[%emt 00:00:37]} 7. Be3 {[%clk 00:46:59]} {[%emt 00:00:42]} Bg7
{[%clk 00:48:06]} {[%emt 00:00:47]} 8. Qd2 {[%clk 00:46:25]} {[%emt 00:00:44]}
Nc6 {[%clk 00:46:15]} {[%emt 00:02:01]} 9. f3 {[%clk 00:44:46]} {[%emt
00:01:49]} Rc8 {[%clk 00:45:04]} {[%emt 00:01:21]} 10. g4 {[%clk 00:39:06]}
{[%emt 00:05:50]} h5 {[%clk 00:43:26]} {[%emt 00:01:49]} 11. g5 {[%clk
00:37:22]} {[%emt 00:01:53]} Nh7 {[%clk 00:43:20]} {[%emt 00:00:16]} 12. h4
{[%clk 00:35:00]} {[%emt 00:02:31]} O-O {[%clk 00:42:43]} {[%emt 00:00:46]} 13.
f4 {[%clk 00:31:29]} {[%emt 00:03:42]} Nxd4 {[%clk 00:35:35]} {[%emt 00:07:19]}
14. Bxd4 {[%clk 00:31:28]} {[%emt 00:00:11]} Bxd4 {[%clk 00:29:09]} {[%emt
00:06:36]} 15. Qxd4 {[%clk 00:31:24]} {[%emt 00:00:13]} Qb6 {[%clk 00:29:09]}
{[%emt 00:00:10]} 16. Qxb6 {[%clk 00:29:40]} {[%emt 00:01:54]} axb6 {[%clk
00:29:07]} {[%emt 00:00:13]} 17. O-O-O {[%clk 00:28:23]} {[%emt 00:01:27]} Rfd8
{[%clk 00:28:22]} {[%emt 00:00:55]} 18. Nd5 {[%clk 00:26:39]} {[%emt 00:01:54]}
Re8 {[%clk 00:27:30]} {[%emt 00:01:03]} 19. Nxb6 {[%clk 00:26:38]} {[%emt
00:00:10]} Rc7 {[%clk 00:27:34]} {[%emt 00:00:05]} 20. Nxd7 {[%clk 00:26:41]}
{[%emt 00:00:07]} Rxd7 {[%clk 00:25:41]} {[%emt 00:02:04]} 21. Bb5 {[%clk
00:26:37]} {[%emt 00:00:14]} Rdd8 {[%clk 00:25:26]} {[%emt 00:00:26]} 22. Bxe8
{[%clk 00:26:44]} {[%emt 00:00:02]} Rxe8 {[%clk 00:25:25]} {[%emt 00:00:11]} 23.
f5 {[%clk 00:26:49]} {[%emt 00:00:05]} Nf8 {[%clk 00:24:34]} {[%emt 00:01:01]}
24. c3 {[%clk 00:24:56]} {[%emt 00:02:03]} Nd7 {[%clk 00:24:18]} {[%emt
00:00:26]} 25. Kc2 {[%clk 00:22:58]} {[%emt 00:02:08]} Nc5 {[%clk 00:24:02]}
{[%emt 00:00:25]} 26. Rhe1 {[%clk 00:22:40]} {[%emt 00:00:28]} Ra8 {[%clk
00:22:19]} {[%emt 00:01:54]} 27. a3 {[%clk 00:21:35]} {[%emt 00:01:14]} Nd7
{[%clk 00:21:49]} {[%emt 00:00:41]} 28. Re2 {[%clk 00:19:39]} {[%emt 00:02:05]}
Ne5 {[%clk 00:21:20]} {[%emt 00:00:40]} 29. f6 {[%clk 00:17:17]} {[%emt
00:02:33]} Kf8 {[%clk 00:20:00]} {[%emt 00:01:30]} 30. Rd5 {[%clk 00:14:54]}
{[%emt 00:02:31]} Rd8 {[%clk 00:18:41]} {[%emt 00:01:29]} 31. fxe7+ {[%clk
00:12:31]} {[%emt 00:02:33]} Kxe7 {[%clk 00:18:35]} {[%emt 00:00:17]} 32. Rb5
{[%clk 00:12:24]} {[%emt 00:00:17]} Rd7 {[%clk 00:18:00]} {[%emt 00:00:45]} 33.
Rd2 {[%clk 00:10:42]} {[%emt 00:01:44]} Nf3 {[%clk 00:17:03]} {[%emt 00:01:15]}
34. Rf2 {[%clk 00:10:21]} {[%emt 00:00:29]} Ne5 {[%clk 00:16:59]} {[%emt
00:00:17]} 35. Kb3 {[%clk 00:09:58]} {[%emt 00:00:32]} Nd3 {[%clk 00:16:04]}
{[%emt 00:01:05]} 36. Rd2 {[%clk 00:09:15]} {[%emt 00:00:51]} Nc5+ {[%clk
00:16:01]} {[%emt 00:00:14]} 37. Rxc5 {[%clk 00:08:54]} {[%emt 00:00:32]} dxc5
{[%clk 00:15:51]} {[%emt 00:00:20]} 38. Rxd7+ {[%clk 00:08:58]} {[%emt
00:00:06]} Kxd7 {[%clk 00:15:51]} {[%emt 00:00:09]} 39. Kc4 {[%clk 00:08:55]}
{[%emt 00:00:13]} Kc6 {[%clk 00:15:54]} {[%emt 00:00:08]} 40. a4 {[%clk
00:08:49]} {[%emt 00:00:16]} b6 {[%clk 00:15:48]} {[%emt 00:00:17]} 41. b4
{[%clk 00:08:48]} {[%emt 00:00:10]} cxb4 {[%clk 00:14:33]} {[%emt 00:01:24]} 42.
cxb4 {[%clk 00:08:49]} {[%emt 00:00:10]} 1-0

[Event "English Schools Championship Final 2024"]
[Site "Nottingham University Kings Meadow Campus, United Kingdom"]
[Date "2024.06.27"]
[Round "3.51"]
[White "Wen, Marlon"]
[Black "Poon, Matthew"]
[Result "1-0"]
[TimeControl "G50' + 10\" per move."]
[WhiteElo "1637"]
[BlackElo "1645"]

1. d4 {[%clk 00:50:19]} Nf6 {[%clk 00:50:13]} {[%emt 00:00:07]} 2. c4 {[%clk
00:50:26]} {[%emt 00:00:04]} g6 {[%clk 00:50:17]} {[%emt 00:00:06]} 3. Nc3
{[%clk 00:50:32]} {[%emt 00:00:04]} d5 {[%clk 00:50:21]} {[%emt 00:00:05]} 4.
cxd5 {[%clk 00:50:33]} {[%emt 00:00:10]} Nxd5 {[%clk 00:50:23]} {[%emt
00:00:07]} 5. e4 {[%clk 00:50:39]} {[%emt 00:00:05]} Nxc3 {[%clk 00:50:26]}
{[%emt 00:00:07]} 6. bxc3 {[%clk 00:50:46]} {[%emt 00:00:02]} Bg7 {[%clk
00:50:27]} {[%emt 00:00:09]} 7. Bc4 {[%clk 00:49:53]} {[%emt 00:01:03]} c5
{[%clk 00:50:15]} {[%emt 00:00:23]} 8. Nf3 {[%clk 00:49:54]} {[%emt 00:00:09]}
Nc6 {[%clk 00:50:04]} {[%emt 00:00:21]} 9. Be3 {[%clk 00:48:40]} {[%emt
00:01:24]} O-O {[%clk 00:50:01]} {[%emt 00:00:13]} 10. h3 {[%clk 00:48:37]}
{[%emt 00:00:14]} Qc7 {[%clk 00:44:16]} {[%emt 00:05:55]} 11. Qe2 {[%clk
00:47:04]} {[%emt 00:01:43]} Na5 {[%clk 00:38:17]} {[%emt 00:06:08]} 12. Rc1
{[%clk 00:42:20]} {[%emt 00:04:53]} Bd7 {[%clk 00:28:16]} {[%emt 00:10:12]} 13.
O-O {[%clk 00:39:06]} {[%emt 00:03:24]} Rac8 {[%clk 00:26:35]} {[%emt
00:01:51]} 14. Bd3 {[%clk 00:33:22]} {[%emt 00:05:54]} b6 {[%clk 00:19:35]}
{[%emt 00:07:10]} 15. Rfe1 {[%clk 00:28:12]} {[%emt 00:05:20]} h6 {[%clk
00:15:44]} {[%emt 00:04:01]} 16. Bb1 {[%clk 00:26:40]} {[%emt 00:01:42]} Qb7
{[%clk 00:09:45]} {[%emt 00:06:09]} 17. Ne5 {[%clk 00:20:34]} {[%emt 00:06:16]}
Be8 {[%clk 00:02:49]} {[%emt 00:07:06]} 18. f4 {[%clk 00:17:23]} {[%emt
00:03:20]} a6 {[%clk 00:02:04]} {[%emt 00:00:56]} 19. Qg4 {[%clk 00:15:41]}
{[%emt 00:01:52]} Nc6 {[%clk 00:00:53]} {[%emt 00:01:21]} 20. Nf3 {[%clk
00:14:42]} {[%emt 00:01:09]} Bd7 {[%clk 00:00:22]} {[%emt 00:00:40]} 21. Qg3
{[%clk 00:14:45]} {[%emt 00:00:08]} Kh7 {[%clk 00:00:19]} {[%emt 00:00:13]} 22.
f5 {[%clk 00:14:43]} {[%emt 00:00:12]} g5 {[%clk 00:00:16]} {[%emt 00:00:13]}
23. h4 {[%clk 00:08:55]} {[%emt 00:05:57]} f6 {[%clk 00:00:26]} 24. hxg5 {[%clk
00:08:50]} {[%emt 00:00:16]} hxg5 {[%clk 00:00:26]} {[%emt 00:00:09]} 25. Kf2
{[%clk 00:08:01]} {[%emt 00:01:00]} Rh8 {[%clk 00:00:18]} {[%emt 00:00:18]} 26.
Rh1+ {[%clk 00:07:39]} {[%emt 00:00:31]} Kg8 {[%clk 00:00:28]} 27. Rxh8+ {[%clk
00:07:25]} {[%emt 00:00:24]} Kxh8 {[%clk 00:00:38]} 28. Rh1+ {[%clk 00:07:21]}
{[%emt 00:00:14]} Kg8 {[%clk 00:00:47]} {[%emt 00:00:01]} 29. e5 {[%clk
00:02:39]} {[%emt 00:04:53]} cxd4 {[%clk 00:00:56]} 30. cxd4 {[%clk 00:02:33]}
{[%emt 00:00:15]} b5 {[%clk 00:00:11]} {[%emt 00:00:55]} 31. Be4 {[%clk
00:00:59]} {[%emt 00:01:44]} Qc7 {[%clk 00:00:14]} {[%emt 00:00:08]} 32. Bd5+
{[%clk 00:01:01]} {[%emt 00:00:08]} Kf8 {[%clk 00:00:11]} {[%emt 00:00:12]} 33.
Nxg5 {[%clk 00:00:34]} {[%emt 00:00:37]} fxg5 {[%clk 00:00:11]} {[%emt
00:00:10]} 34. Qxg5 {[%clk 00:00:42]} {[%emt 00:00:02]} Nxe5 {[%clk 00:00:14]}
{[%emt 00:00:07]} 35. Rh8+ {[%clk 00:00:39]} {[%emt 00:00:13]} 1-0